000 01153nam a2200313 a 4500
001 0000213
003 DO-SdBNP
005 20240909101502.0
007 0000213
008 150130s2006 ar ac 000 0 spa d
020 _a9789507714436
040 _aBPMSU
_bspa
_cBPMSU
082 4 _a372.7
_bJ93m 2006
_222
245 1 0 _aJugando con la matemática :
_by a desarrollar el ingenio! /
_credacción María Amalia Fones ; ilustraciones especiales Ramón Gil, Víctor Marcelo Páez, Luis Retta.
260 _aBuenos Aires, Argentina :
_bCultura Librera Americana ;
_c2006
300 _a2 vs.
_bil., retrs.,
_c28 cm. +
_eCD-ROM ;
490 1 _aProyecto todos juntos
650 4 _aJuegos matemáticos.
650 4 _aMatemáticas
_xEnseñanza primaria.
_z
650 4 _aMatemáticas recreativas.
_x
650 4 _aMatemáticas
_v Problemas, ejercicios, etc.
_x
_2
700 1 _aFones, María Amalia.
_e
700 1 _aGil, Ramón,
_eilustración
700 1 _aPáez, Víctor Marcelo
_eilustración
700 1 _aRetta, Luis,
_eilustración
710 2 _aLexus Editores
910 _aVMateo V. Control de calidad. BPMSU
942 _2ddc
_cBK
999 _c14806
_d14806